Pamäti z vojny a väzenia (1914-1918)

Bibliographic Details
Main Author: Šrobár, Vavro, 1867-1950 (Author)
Other Authors: Šulc, Dušan, 1912-1995 (Editor)
Format: Book
Language:Slovak
PhysicalDescription:172, [5] s. 21 cm
Published: Turčiansky Sv. Martin Matica slovenská 1946
Edition:2. vyd.
Subjects:

MARC

LEADER 00000cam a2200000 a 4500
001 vtls008401149
003 SK-MaSNL
005 20260301182949.0
008 250312s1946 xo g 000 m slo
015 |a SNBA19451955-012202 
035 |a SK01SNKBKSFS20020093366 
035 |a urn:nbn:sk:snk-am3htp2 
035 |a 6D390436-876F-4267-9EEF-33452E59BE3B 
035 |a urn:nbn:sk:snk-am00d8yt 
035 |a SKM000095829 
040 |a SNK  |b slo  |c SNK  |e AACR2 
041 0 |a slo 
044 |a xo  |c SK 
080 |a 821.162.4-3  |2 2001 
100 1 |a Šrobár, Vavro,  |d 1867-1950  |4 aut  |9 86514 
245 1 0 |a Pamäti z vojny a väzenia  |b (1914-1918)  |c V[avro] Šrobár 
250 |a 2. vyd. 
260 |a Turčiansky Sv. Martin  |b Matica slovenská  |c 1946  |e Turčiansky Sv. Martin  |f Neografia 
300 |a 172, [5] s.  |c 21 cm 
650 0 7 |a slovenská literatúra  |2 SNKPH  |9 1115 
655 7 |a slovenské prózy  |2 SNKPH  |9 70229 
700 1 |a Šulc, Dušan,  |d 1912-1995  |4 edt  |9 5856 
852 |a Slovenská národná knižnica 
954 |a beletria pôvodná (slovenská)  |2 lita 
958 |a RK 
958 |a TL 
958 |a LX 
958 |a OND 
999 |c 855359  |d 857289 
952 |a SNK  |b SNK  |y VYP  |7 0  |p 17A0341526  |o snkSC 3763 D1  |i snkVI. 634/55  |0 0  |1 0  |4 0  |d 2002-05-15  |l 0  |r 2005-01-02 00:00:00  |w 2026-02-24 
952 |a SNK  |b SNK  |y PREZ  |7 0  |p 17A0757306  |o snkSC 3763  |i snk5198/47  |0 0  |1 0  |4 0  |d 2011-12-02  |f 1  |l 0  |r 2025-06-25 00:00:00  |w 2026-02-24 
952 |a SNK  |b SNK  |y VYP  |7 0  |p 17A0512920  |o snkSC 3763 D2  |i snkF 3046/66  |8 5  |0 0  |1 0  |4 0  |d 2006-06-07  |l 0  |r 2026-02-24 04:54:47  |w 2026-02-24